MARC details
| 000 -LEADER |
| fixed length control field |
01292nam a22002897a 4500 |
| 003 - CONTROL NUMBER IDENTIFIER |
| control field |
OSt |
| 005 - DATE AND TIME OF LATEST TRANSACTION |
| control field |
20250923093357.0 |
| 008 - FIXED-LENGTH DATA ELEMENTS--GENERAL INFORMATION |
| fixed length control field |
240301b ||||| |||| 00| 0 eng d |
| 040 ## - CATALOGING SOURCE |
| Transcribing agency |
0 |
| 082 ## - DEWEY DECIMAL CLASSIFICATION NUMBER |
| Classification number |
DPer 621.317 Ie21 June 2022 v. 37 n. 6 |
| 100 ## - MAIN ENTRY--PERSONAL NAME |
| Personal name |
An, Tong. |
| Relator term |
author. |
| 9 (RLIN) |
53851 |
| 245 ## - TITLE STATEMENT |
| Title |
The effect of the surface roughness characteristics of the contact interface on the thermal contact resistance of the PP-IGBT module / |
| Statement of responsibility, etc. |
Tong An, Zezheng Li, Yakun Zhang, Fei Qin, Liang Wang, Zhongkang Lin, Xinling Tang, Yanwei Dai, Yanpeng Gong, and Pei Chen. |
| 260 ## - PUBLICATION, DISTRIBUTION, ETC. (IMPRINT) |
| Place of publication, distribution, etc. |
New York ; |
| Name of publisher, distributor, etc. |
The Institute of Electrical and Electronics Engineers, Inc. , |
| Date of publication, distribution, etc. |
June 2022. |
| 300 ## - PHYSICAL DESCRIPTION |
| Extent |
Volume 37, pages 7286-7298 : |
| Other physical details |
illustration ; |
| Dimensions |
29 cm. |
| 500 ## - GENERAL NOTE |
| General note |
IEEE Transactions on Power Electronics, vol. 37, no. 6, pages 7286-7298, June 2022. |
| 700 ## - ADDED ENTRY--PERSONAL NAME |
| Personal name |
An, Tong. |
| Relator term |
author. |
| 9 (RLIN) |
53851 |
| 700 ## - ADDED ENTRY--PERSONAL NAME |
| Personal name |
Li, Zezheng. |
| Dates associated with a name |
author. |
| 9 (RLIN) |
53852 |
| 700 ## - ADDED ENTRY--PERSONAL NAME |
| Personal name |
Zhang, Yakun. |
| Relator term |
author. |
| 9 (RLIN) |
53853 |
| 700 ## - ADDED ENTRY--PERSONAL NAME |
| Personal name |
Qin, Fei. |
| Relator term |
author. |
| 9 (RLIN) |
53854 |
| 700 ## - ADDED ENTRY--PERSONAL NAME |
| Personal name |
Wang, Liang. |
| Relator term |
author. |
| 9 (RLIN) |
53855 |
| 700 ## - ADDED ENTRY--PERSONAL NAME |
| Personal name |
Lin, Zhongkang. |
| Relator term |
author. |
| 9 (RLIN) |
53856 |
| 700 ## - ADDED ENTRY--PERSONAL NAME |
| Personal name |
Tang, Xinling. |
| Relator term |
author. |
| 9 (RLIN) |
53857 |
| 700 ## - ADDED ENTRY--PERSONAL NAME |
| Personal name |
Dai, Yanwei. |
| Relator term |
author. |
| 9 (RLIN) |
53858 |
| 700 ## - ADDED ENTRY--PERSONAL NAME |
| Personal name |
Gong, Yanpeng. |
| Relator term |
author. |
| 9 (RLIN) |
53859 |
| 700 ## - ADDED ENTRY--PERSONAL NAME |
| Personal name |
Chen, Pei. |
| Relator term |
author. |
| 9 (RLIN) |
53860 |
| 942 ## - ADDED ENTRY ELEMENTS (KOHA) |
| Source of classification or shelving scheme |
Dewey Decimal Classification |
| Koha item type |
Periodicals |